Lun yu yu Ru jia si xiang /

Saved in:
Bibliographic Details
Main Author: Che, Mingshen.
Format: Book
Language:Chinese
Published: Changsha : Shang wu yin shu guan, 1938.
Edition:Chu ban.
Series:Guo xue xiao cong shu.
Subjects:
Tags: Add Tag
No Tags, Be the first to tag this record!
LEADER 00982cam a2200301ua 4500
001 007724262-9
005 20024617105648.0
008 920522s1938 cc 000 0 chi d
035 0 |a ocm25863196 
040 |a *BNJ*  |c *BNJ*  |d *YNH*  |d CStRLIN 
100 1 |6 880-01  |a Che, Mingshen. 
245 1 0 |6 880-02  |a Lun yu yu Ru jia si xiang /  |c Che Mingshen zhu. 
250 |6 880-03  |a Chu ban. 
260 |6 880-04  |a Changsha :  |b Shang wu yin shu guan,  |c 1938. 
300 |a 106 p. ;  |c 19 cm. 
490 1 |6 880-05  |a Guo xue xiao cong shu 
600 0 0 |6 880-06  |a Confucius.  |t Lun yu. 
650 0 |a Philosophy, Confucian. 
880 1 |6 100-01  |a 車銘深. 
880 1 0 |6 245-02  |a 論語與儒家思想 /  |c 車銘深著. 
880 |6 250-03  |a 初版. 
880 |6 260-04  |a 長沙 :  |b 商務印書館,  |c 1938. 
880 1 |6 490-05  |a 國學小叢書 
880 0 0 |6 600-06  |a Confucius.  |t 論語. 
830 0 |6 880-55  |a Guo xue xiao cong shu. 
880 0 |6 830-55  |a 國學小叢書. 
988 |a 20021103 
906 |0 OCLC